| 000 | 00873nam a2200205 a 4500 | ||
|---|---|---|---|
| 001 | 000030921 | ||
| 003 | DO-SdBNP | ||
| 005 | 20220204121120.0 | ||
| 008 | 110607s1935 dr c 000 0 spa d | ||
| 040 |
_aDO-SdBNP _bspa _cBNPHU |
||
| 049 | _aBNPD | ||
| 082 |
_axxx _bS211g |
||
| 100 | 1 |
_aSánchez Lustrino, Gilberto _937800 |
|
| 245 | 1 | 0 |
_aGeneral Francisco del Rosario Sánchez : _bprocer ilustre de nuestra independencia / _cGilberto Sánchez Lustrino. |
| 260 |
_aSanto Domingo : _bLa nación, _c1935. |
||
| 300 |
_a7 p. : _bretrs. ; _c23 cm. |
||
| 500 | _aDiscurso pronunciado por el Lic. Gilberto Sánchez, a nombre del gobierno nacional, en el Baluarte de Conde, para conmemorar el 118 aniversario del nacimiento del prócer Francisco del Rosario Sánchez, el 9 de marzo de 1935. | ||
| 600 | 1 | 0 |
_aSánchez, Francisco del Rosario, _d1817-1861 _981140 |
| 942 |
_2ddc _cLBS1 |
||
| 999 |
_c30413 _d30413 |
||